Hóa học đại cương Dành cho sinh viên không thuộc chuyên ngành Hoá

Một số khái niệm và định luật cơ bản của hoá học. Hạt nhân và lớp vỏ nguyên tử. Hệ thống tuần hoàn các nguyên tố. Định luật tuần hoàn. Cấu trúc phân tử và liên kết hoá học. Phương pháp obitan phân tử. Liên kết giữa các phân tử. Định luật bảo toàn, chuyển hoá năng lượng và chiều hướng diễn biến của c...

Description complète

Enregistré dans:
Détails bibliographiques
Auteur principal: Lâm Ngọc Thiềm
Autres auteurs: Bùi Duy Cam (b.s.)
Format: Livre
Langue:Vietnamese
Publié: H. Đại học Quốc gia Hà Nội 2007
Sujets:
Tags: Ajouter un tag
Pas de tags, Soyez le premier à ajouter un tag!
Thư viện lưu trữ: Mạng thư viện Đại học Đà Nẵng
LEADER 01791aam a22003738a 4500
001 000008780
003 4972
005 20120313150316.0
008 111021s2007 viesd
020 |c 40000đ  |d 1000b 
041 0 |a vie 
082 1 4 |2 14  |a 540.076  |b LÂ-T 
100 1 |a Lâm Ngọc Thiềm 
245 1 0 |a Hóa học đại cương  |b Dành cho sinh viên không thuộc chuyên ngành Hoá  |c Lâm Ngọc Thiềm, Bùi Duy Cam ; Lâm Ngọc Thiềm ch.b. 
260 |a H.  |b Đại học Quốc gia Hà Nội  |c 2007 
300 |a 331tr.  |b hình vẽ, bảng  |c 24cm 
504 |a Thư mục: tr. 331 
520 |a Một số khái niệm và định luật cơ bản của hoá học. Hạt nhân và lớp vỏ nguyên tử. Hệ thống tuần hoàn các nguyên tố. Định luật tuần hoàn. Cấu trúc phân tử và liên kết hoá học. Phương pháp obitan phân tử. Liên kết giữa các phân tử. Định luật bảo toàn, chuyển hoá năng lượng và chiều hướng diễn biến của các quá trình hoá học... 
650 7 |2 Bộ TK TVQG  |a Hoá học 
650 7 |2 Bộ TK TVQG  |a Liên kết hoá học 
650 7 |2 Bộ TK TVQG  |a Cấu tạo phân tử 
655 7 |2 Bộ TK TVQG  |a Giáo trình 
700 1 |a Bùi Duy Cam  |e b.s. 
910 |a Nguyễn Thị Kim Oanh  |d 21/10/2011 
OWN |a LSP 
AVA |a UDN50  |b LSP  |d 540.076 LÂ-T  |e available  |t Error 5001 Not defined in file expand_doc_bib_avail.  |f 10  |g 0  |h N  |i 0  |k 1 
999 |a From the UDN01 
AVA |a UDN50  |b LSP  |d 540.076 LÂ-T  |e available  |t Error 5001 Not defined in file expand_doc_bib_avail.  |f 10  |g 0  |h N  |i 0  |k 1 
TYP |a Monograph 
TYP |a Printed language 
980 |a Mạng thư viện Đại học Đà Nẵng